| 000 | 00517nam a22001577a 4500 | ||
|---|---|---|---|
| 003 | SISC | ||
| 005 | 20161109141452.0 | ||
| 008 | 161109b xxu||||| |||| 00| 0 eng d | ||
| 020 | _a0672527006 | ||
| 050 |
_aHF 5386 _b.K57 1982 |
||
| 100 | _aKlein, Howard J. | ||
| 245 |
_aHow to test your million dollar idea : _ba unique manual for would-be entrepreneurs / _cBy Howard J. Klein. |
||
| 260 |
_aNew York, _bThe Bobbs-Merrill Company, Inc., _c1982. |
||
| 300 |
_a210 pages : _billustrations ; _c23 cm. |
||
| 942 |
_2lcc _cBK |
||
| 999 |
_c305196 _d305196 |
||